000 00684nam a2200193 i 4500
001 55065
003 ES-MaACL
005 20230906163056.0
007 t|
008 030911s1947 sp ||||1| spa d
100 1 _aDelgado Capeáns, Ricardo.
_943442
245 1 3 _aEl párroco ante los problemas de la época actual
_b: conferencias sobre las agonías de la Sociedad moderna /
_cpor Ricardo Delgado Capeáns.
260 _aMadrid :
_bBruno del Amo,
_c[1947] (
_fVda. de Galo Sèz)
300 _a183 p. ;
_c17 cm.
490 1 _aLa predicación contemporánea
830 0 _aLa predicación contemporánea
_9182528
852 _aES-MaACL
_jC-4921
_bR.25110
999 _c55065
_d55065